[Event "PRO League Group Stage"]
[Site "chess.com INT"]
[Date "2018.02.24"]
[Round "7"]
[White "Pruijssers, Roeland"]
[Black "Iturrizaga Bonelli, Eduardo"]
[Result "1/2-1/2"]
[WhiteTitle "GM"]
[BlackTitle "GM"]
[WhiteElo "2536"]
[BlackElo "2650"]
[WhiteTeam "Oslo Trolls"]
[BlackTeam "Miami Champions"]
[WhiteFideId "1013068"]
[BlackFideId "3901211"]
[EventDate "2018.01.18"]

1. b3 Nf6 2. Bb2 g6 3. g3 Bg7 4. Bg2 O-O 5. c4 e6 6. Nf3 b6 7. O-O Bb7 8. d3 c5
9. e4 d6 10. Re1 Nc6 11. d4 cxd4 12. Nxd4 Nxd4 13. Qxd4 Qe7 14. Nc3 Rfd8 15. a4
Qf8 16. Qd2 Nd7 17. Rad1 Nc5 18. Qc2 Rac8 19. f4 a6 20. Rd2 Qe7 21. Red1 Bc6 22.
b4 Nb7 23. Qb3 a5 24. Nb5 Bxb2 25. Rxb2 Bxb5 26. cxb5 axb4 27. Qxb4 Ra8 28. e5
Rac8 29. Bxb7 Qxb7 30. exd6 Rd7 31. Qd4 Rc5 32. Rbd2 1/2-1/2

[Event "PRO League Group Stage"]
[Site "chess.com INT"]
[Date "2018.02.24"]
[Round "7"]
[White "Pruijssers, Roeland"]
[Black "Flores Rios, Mauricio"]
[Result "0-1"]
[WhiteTitle "GM"]
[BlackTitle "GM"]
[WhiteElo "2536"]
[BlackElo "2529"]
[WhiteTeam "Oslo Trolls"]
[BlackTeam "Minnesota Blizzard"]
[WhiteFideId "1013068"]
[BlackFideId "3408027"]
[EventDate "2018.01.18"]

1. e4 c5 2. Nf3 e6 3. b3 b6 4. Bd3 Bb7 5. O-O d6 6. Re1 Nd7 7. Bb2 Ngf6 8. e5
dxe5 9. Nxe5 Bd6 10. f4 h5 11. Na3 Bxe5 12. fxe5 Ng4 13. Nc4 Qh4 14. Nd6+ Kf8
15. Be4 Qxh2+ 16. Kf1 Qf4+ 17. Kg1 Bxe4 18. Nxe4 Qh2+ 19. Kf1 Qh1+ 20. Ke2 Qxg2+
21. Kd3 Qh3+ 22. Ke2 Rd8 23. Rg1 Qh2+ 24. Kf3 Ndxe5+ 25. Bxe5 Nxe5+ 26. Ke3 Ng4+ 0-1

[Event "PRO League Group Stage"]
[Site "chess.com INT"]
[Date "2018.02.24"]
[Round "7"]
[White "Patel, Advait"]
[Black "Bonnafous, Michel"]
[Result "1-0"]
[WhiteTitle "IM"]
[WhiteElo "2478"]
[BlackElo "1958"]
[WhiteTeam "Montclair Sopranos"]
[BlackTeam "Marseille Migraines"]
[WhiteFideId "2075105"]
[BlackFideId "615056"]
[EventDate "2018.01.18"]

1. e4 g6 2. d4 Bg7 3. c4 d6 4. Nc3 e5 5. d5 f5 6. exf5 gxf5 7. Bd3 Nf6 8. Nge2
O-O 9. Bg5 a5 10. Qd2 Na6 11. O-O-O Nc5 12. Bc2 Qe8 13. f3 Qg6 14. g4 h6 15. Be3
e4 16. gxf5 Qxf5 17. Rhg1 Rf7 18. Bxh6 Qh5 19. Bxg7 Rxg7 20. Ng3 Qh4 21. fxe4
Bg4 22. Rdf1 Rf8 23. Rf4 Ncd7 24. Nf5 Qh3 25. Nxg7 Kxg7 26. Rfxg4+ Nxg4 27. Qg5+
Kh8 28. Rxg4 1-0

[Event "PRO League Group Stage"]
[Site "chess.com INT"]
[Date "2018.02.24"]
[Round "7"]
[White "Patel, Advait"]
[Black "Hemant, Sharma2"]
[Result "1-0"]
[WhiteTitle "IM"]
[BlackTitle "IM"]
[WhiteElo "2478"]
[BlackElo "2348"]
[WhiteTeam "Montclair Sopranos"]
[BlackTeam "Delhi Dynamite"]
[WhiteFideId "2075105"]
[BlackFideId "5025842"]
[EventDate "2018.01.18"]

1. e4 c5 2. Nf3 d6 3. c3 Nf6 4. Bd3 g6 5. Bc2 Bg7 6. h3 O-O 7. d4 cxd4 8. cxd4
d5 9. e5 Ne4 10. O-O Nc6 11. Nbd2 Nxd2 12. Bxd2 Qb6 13. Bc3 Bd7 14. Qd2 Rac8 15.
Rad1 Qa6 16. Bb3 e6 17. Nh2 f6 18. exf6 Rxf6 19. Ng4 Rff8 20. h4 Kh8 21. Bc2 b5
22. a3 Qb6 23. h5 gxh5 24. Qd3 Rf5 25. Ne3 Ne7 26. Bb4 Ng6 27. Nxf5 exf5 28. Bc5
Qf6 29. Rde1 Rg8 30. f4 Bh6 31. Qd2 h4 32. Kh2 Qg7 33. Bd6 Qf6 34. Be5 Nxe5 35.
dxe5 Qg6 36. Rf3 h3 37. g3 d4 38. Qxd4 Bc6 39. Rc3 b4 40. axb4 Bg2 41. Bb3 Rf8
42. Rec1 Bg7 43. Rc8 h5 44. Rxf8+ Bxf8 45. Rc8 Kg7 46. e6+ Qf6 47. Qxf6+ 1-0

[Event "PRO League Group Stage"]
[Site "chess.com INT"]
[Date "2018.02.24"]
[Round "7"]
[White "Patel, Advait"]
[Black "Rodchenkov, Vitaly"]
[Result "1-0"]
[WhiteTitle "IM"]
[BlackTitle "FM"]
[WhiteElo "2478"]
[BlackElo "2304"]
[WhiteTeam "Montclair Sopranos"]
[BlackTeam "Volga Stormbringers"]
[WhiteFideId "2075105"]
[BlackFideId "4152964"]
[EventDate "2018.01.18"]

1. e4 d6 2. d4 Nf6 3. Nc3 e5 4. Nge2 Be7 5. g3 O-O 6. Bg2 c6 7. O-O b5 8. a3 a6
9. h3 Re8 10. f4 Bf8 11. Be3 Nbd7 12. g4 Bb7 13. fxe5 dxe5 14. g5 Nh5 15. Bf3
exd4 16. Bxh5 dxe3 17. Bxf7+ Kh8 18. Bxe8 Qxe8 19. Rf5 Ne5 20. Qd4 Nc4 21. Raf1
Bd6 22. Rf7 Be5 23. Qd7 Qxd7 24. Rxd7 Nd6 25. Rd1 1-0

[Event "PRO League Group Stage"]
[Site "chess.com INT"]
[Date "2018.02.24"]
[Round "7"]
[White "Patel, Advait"]
[Black "Kjartansson, David"]
[Result "1-0"]
[WhiteTitle "IM"]
[BlackTitle "FM"]
[WhiteElo "2478"]
[BlackElo "2409"]
[WhiteTeam "Montclair Sopranos"]
[BlackTeam "Reykjavik Puffins"]
[WhiteFideId "2075105"]
[BlackFideId "2301130"]
[EventDate "2018.01.18"]

1. e4 e6 2. d4 d5 3. exd5 exd5 4. Nc3 Nf6 5. Bd3 Nc6 6. Be3 Be6 7. a3 a6 8. h3
Bd6 9. Qf3 Qd7 10. Nge2 h6 11. g4 O-O-O 12. O-O-O Kb8 13. Ng3 Na5 14. Nf5 Bxf5
15. gxf5 Qc6 16. Ne2 Rhe8 17. Rdg1 Bf8 18. Bf4 Nc4 19. Ng3 Qb6 20. Bxc4 dxc4 21.
Be5 Nd5 22. Ne2 f6 23. Bg3 Rxe2 24. Qxe2 Bxa3 25. bxa3 c3 26. Qe4 Nb4 27. axb4
Qxb4 28. Bxc7+ Kxc7 29. Rxg7+ Kb8 30. Re1 Rxd4 31. Rxb7+ Qxb7 32. Qxd4 Qb2+ 33.
Kd1 Qb1+ 34. Ke2 Qxc2+ 35. Kf1 1-0

[Event "PRO League Group Stage"]
[Site "chess.com INT"]
[Date "2018.02.24"]
[Round "7"]
[White "Li, Ruifeng"]
[Black "Altounian, Levon"]
[Result "1-0"]
[WhiteTitle "GM"]
[BlackTitle "IM"]
[WhiteElo "2576"]
[BlackElo "2443"]
[WhiteTeam "Norway Gnomes"]
[BlackTeam "Las Vegas Desert Rats"]
[WhiteFideId "2061074"]
[BlackFideId "2011298"]
[EventDate "2018.01.18"]

1. d4 d6 2. e4 Nf6 3. Nc3 c6 4. Nf3 Bg4 5. h3 Bh5 6. g4 Bg6 7. Qe2 e6 8. h4 h5
9. g5 Nfd7 10. Bf4 Be7 11. Bg3 O-O 12. Nd2 e5 13. d5 Nb6 14. Bg2 N8d7 15. dxc6
bxc6 16. Bf3 d5 17. Bxh5 d4 18. Nd1 Bxh5 19. Qxh5 Nc5 20. O-O Bd6 21. f3 Qd7 22.
Nf2 Ne6 23. Ng4 Nf4 24. Bxf4 exf4 25. Kh2 Be7 26. Rg1 Qe6 27. e5 g6 28. Nf6+
Bxf6 29. gxf6 Rfd8 30. Qh6 1-0

[Event "PRO League Group Stage"]
[Site "chess.com INT"]
[Date "2018.02.24"]
[Round "7"]
[White "Li, Ruifeng"]
[Black "Becerra Rivero, Julio"]
[Result "1-0"]
[WhiteTitle "GM"]
[BlackTitle "GM"]
[WhiteElo "2576"]
[BlackElo "2531"]
[WhiteTeam "Norway Gnomes"]
[BlackTeam "Miami Champions"]
[WhiteFideId "2061074"]
[BlackFideId "3501728"]
[EventDate "2018.01.18"]

1. a3 g6 2. Nf3 Bg7 3. d4 Nf6 4. g3 O-O 5. Bg2 d6 6. O-O Nbd7 7. b4 a5 8. b5 c5
9. bxc6 bxc6 10. Nc3 Nb6 11. e4 Nfd7 12. Re1 c5 13. Rb1 Ba6 14. Nd5 Nc4 15. c3
e6 16. Ne3 Ndb6 17. h4 h5 18. Nc2 Qc7 19. Bg5 Na4 20. Rb3 Rfb8 21. Ne3 Nab2 22.
Qc2 Rxb3 23. Qxb3 Rb8 24. Qa2 Nd3 25. Rb1 Rxb1+ 26. Qxb1 Nxa3 27. Qb3 cxd4 28.
cxd4 Qc1+ 29. Bf1 Nb4 30. Qa4 Nb5 31. Qxa5 Nxd4 32. Qd8+ Kh7 33. Nxd4 Bxd4 34.
Qe7 Bxf1 35. Qxf7+ Bg7 36. Bf6 1-0

[Event "PRO League Group Stage"]
[Site "chess.com INT"]
[Date "2018.02.24"]
[Round "7"]
[White "Li, Ruifeng"]
[Black "Brown, Michael William"]
[Result "1-0"]
[WhiteTitle "GM"]
[BlackTitle "IM"]
[WhiteElo "2576"]
[BlackElo "2506"]
[WhiteTeam "Norway Gnomes"]
[BlackTeam "San Diego Surfers"]
[WhiteFideId "2061074"]
[BlackFideId "2037602"]
[EventDate "2018.01.18"]

1. g3 d5 2. Bg2 Nf6 3. d3 Bf5 4. Nd2 e6 5. e4 Bg6 6. Qe2 Be7 7. Ngf3 O-O 8. O-O
c5 9. b3 Nc6 10. Bb2 h6 11. Ne5 Nxe5 12. Bxe5 Nd7 13. Bb2 Bf6 14. e5 Be7 15. f4
Re8 16. g4 f5 17. h3 Rc8 18. Kh1 Rf8 19. Qe3 Nb6 20. c3 c4 21. d4 Qe8 22. Bf3
Qb5 23. Rg1 fxg4 24. Bxg4 Qd7 25. Rg2 Bf5 26. Rag1 Bxg4 27. Rxg4 Rf7 28. Qg3 Bf8
29. Rg6 Rf5 30. Rxh6 cxb3 31. axb3 a6 32. Qg6 Rxf4 33. Qh7+ Kf7 34. Rhg6 Ke8 35.
Qh5 Rf7 36. Nf3 Kd8 37. Ng5 Re7 38. Ba3 Rxc3 39. Bxe7+ Bxe7 40. Nxe6+ Kc8 41.
Qg4 Bb4 42. Rxg7 Qc6 43. Rc7+ 1-0

[Event "PRO League Group Stage"]
[Site "chess.com INT"]
[Date "2018.02.24"]
[Round "7"]
[White "Chu, Ruotong"]
[Black "Bonnafous, Michel"]
[Result "1-0"]
[WhiteElo "2267"]
[BlackElo "1958"]
[WhiteTeam "Chengdu Pandas"]
[BlackTeam "Marseille Migraines"]
[WhiteFideId "8605653"]
[BlackFideId "615056"]
[EventDate "2018.01.18"]

1. d4 f5 2. Nc3 d5 3. Bg5 Nf6 4. Bxf6 exf6 5. e3 c6 6. Bd3 Bd6 7. Qf3 g6 8. Nge2
Nd7 9. h3 Nf8 10. g4 fxg4 11. hxg4 Be6 12. O-O-O Qd7 13. Qxf6 Rg8 14. g5 Be7 15.
Qf4 Bd6 16. Qh4 O-O-O 17. e4 Rg7 18. exd5 cxd5 19. Nf4 Bg4 20. Nfe2 Bb4 21. Rdg1
Be6 22. a3 Ba5 23. Rg3 Kb8 24. Bb5 Qd6 25. Qf4 Rf7 26. Qxd6+ Rxd6 27. b4 Bb6 28.
Rf1 a6 29. Bd3 Bc7 30. Re3 Nd7 31. Na4 Bd8 32. Rg3 Nb6 33. Nc5 Bc8 34. Kd2 Bf5
35. Rh1 Nc8 36. f4 b6 37. Nxa6+ Kb7 38. b5 Re6 39. Bxf5 Rxf5 40. Rxh7+ Ka8 41.
Rh8 Rd6 42. Rc3 Kb7 43. Rh7+ Ne7 44. Rxe7+ Bxe7 45. Rc7+ Ka8 46. Rxe7 Rf8 47.
Nc7+ Kb8 48. Na6+ Ka8 49. Nb4 Rh8 50. Re5 Rhd8 51. Nc6 R8d7 52. Nc3 Kb7 53. Nb4
Rf7 54. Ncxd5 1-0

[Event "PRO League Group Stage"]
[Site "chess.com INT"]
[Date "2018.02.24"]
[Round "7"]
[White "Chu, Ruotong"]
[Black "Hemant, Sharma2"]
[Result "0-1"]
[BlackTitle "IM"]
[WhiteElo "2267"]
[BlackElo "2348"]
[WhiteTeam "Chengdu Pandas"]
[BlackTeam "Delhi Dynamite"]
[WhiteFideId "8605653"]
[BlackFideId "5025842"]
[EventDate "2018.01.18"]

1. d4 d5 2. c4 e6 3. Nf3 Nf6 4. g3 Bb4+ 5. Bd2 Bd6 6. Bg2 c6 7. Bg5 O-O 8. Nbd2
h6 9. Bxf6 Qxf6 10. O-O Qe7 11. e4 dxe4 12. Nxe4 Nd7 13. Nxd6 Qxd6 14. c5 Qc7
15. Qe2 b6 16. Rac1 bxc5 17. dxc5 a5 18. Rfd1 Nf6 19. Qe5 Qb7 20. Rc2 Nd5 21. a3
f6 22. Qe2 e5 23. Nd2 Bf5 24. Ne4 Qe7 25. Rcd2 Rad8 26. Nd6 Be6 27. Qe4 Rxd6 28.
cxd6 Qxd6 29. Rc1 f5 30. Qa4 Rc8 31. Qxa5 e4 32. Qc5 Qe5 33. a4 Kh7 34. a5 Ra8
35. b4 Qb8 36. Qxc6 Qxb4 37. Rxd5 Bxd5 38. Qxd5 Rxa5 39. Qd1 Ra2 40. Bh3 Ra5 41.
Qd7 Qb5 42. Qf7 Qd5 43. Qxd5 Rxd5 44. Kf1 g5 45. Ke2 f4 46. gxf4 gxf4 47. Rc4 e3
48. f3 Rh5 49. Bg4 Rxh2+ 50. Kf1 Rh1+ 51. Ke2 Rh2+ 52. Kd1 Rh1+ 53. Ke2 Rh2+ 54.
Kf1 Rh1+ 55. Kg2 e2 56. Rc7+ Kg6 57. Rc6+ Kg7 58. Rc7+ Kf6 59. Rc6+ Kf7 60. Rc7+
Kf8 61. Rc8+ Ke7 62. Rc7+ Kd6 63. Rd7+ Kc6 64. Kxh1 e1=Q+ 65. Kg2 h5 66. Bxh5
Qg3+ 67. Kf1 Qh3+ 68. Kf2 Qxd7 69. Bg4 Qd2+ 0-1

[Event "PRO League Group Stage"]
[Site "chess.com INT"]
[Date "2018.02.24"]
[Round "7"]
[White "Chu, Ruotong"]
[Black "Rodchenkov, Vitaly"]
[Result "0-1"]
[BlackTitle "FM"]
[WhiteElo "2267"]
[BlackElo "2304"]
[WhiteTeam "Chengdu Pandas"]
[BlackTeam "Volga Stormbringers"]
[WhiteFideId "8605653"]
[BlackFideId "4152964"]
[EventDate "2018.01.18"]

1. d4 d5 2. c4 e6 3. Nf3 Nf6 4. g3 Bb4+ 5. Bd2 Be7 6. Bg2 O-O 7. Qb3 c6 8. O-O
Ne4 9. Bb4 Nd7 10. Nc3 Nxc3 11. Qxc3 Bxb4 12. Qxb4 Qb6 13. Qxb6 axb6 14. Nd2 Rd8
15. Rfd1 dxc4 16. Nxc4 b5 17. Ne5 Nb6 18. e3 Bd7 19. Nd3 Be8 20. Nc5 Ra7 21. a3
Kf8 22. h4 Ke7 23. Be4 Nc4 24. Rab1 e5 25. Nb3 exd4 26. Nxd4 g6 27. Bd3 c5 28.
Ne2 Bc6 29. Nc3 Ne5 30. Be4 Rxd1+ 31. Rxd1 Bxe4 32. Nxe4 b6 33. Nd6 Rd7 34. Nc8+
Ke6 35. Rxd7 Nxd7 36. Na7 Kd5 37. Nxb5 Kc4 38. Nd6+ Kb3 39. Nxf7 Kxb2 40. Nd6
Kxa3 41. Kf1 Kb3 42. Ke2 c4 43. Kd2 c3+ 44. Kc1 Ne5 45. Nb5 Nd3+ 0-1

[Event "PRO League Group Stage"]
[Site "chess.com INT"]
[Date "2018.02.24"]
[Round "7"]
[White "Chu, Ruotong"]
[Black "Kjartansson, David"]
[Result "1/2-1/2"]
[BlackTitle "FM"]
[WhiteElo "2267"]
[BlackElo "2409"]
[WhiteTeam "Chengdu Pandas"]
[BlackTeam "Reykjavik Puffins"]
[WhiteFideId "8605653"]
[BlackFideId "2301130"]
[EventDate "2018.01.18"]

1. d4 d5 2. c4 dxc4 3. Nf3 Nf6 4. e3 Bg4 5. Bxc4 e6 6. h3 Bh5 7. Nc3 a6 8. O-O
Nc6 9. Be2 Bd6 10. Nd2 Bxe2 11. Qxe2 O-O 12. Rd1 Qe7 13. Nc4 b5 14. Nxd6 cxd6
15. d5 Ne5 16. a3 Rac8 17. e4 h6 18. Bf4 Ng6 19. Be3 exd5 20. exd5 Rfe8 21. Qd2
Ne5 22. b3 Qd7 23. Ne2 Qf5 24. Ng3 Qd7 25. a4 Ng6 26. Qa5 Ra8 27. axb5 Qxb5 28.
Qxb5 axb5 29. Rxa8 Rxa8 30. Nf5 Ne8 31. Nd4 Rb8 32. Nc6 Ra8 33. Nd4 Rb8 34. Nf5
Kf8 35. Re1 Rb7 36. Bd2 Ne7 37. Ne3 Nf6 38. Bb4 Rd7 39. Rd1 g6 40. f3 Ne8 41.
Ng4 h5 42. Ne3 f5 43. g3 Ra7 44. Rd2 Kf7 45. Kf2 Ra1 46. Nd1 Rb1 47. Rd3 Nf6 48.
Ne3 Rb2+ 49. Kf1 Rb1+ 50. Kf2 Ne8 51. h4 Rb2+ 52. Kf1 Rb1+ 53. Kf2 Kf6 54. Bc3+
Kf7 55. Bb4 Rb2+ 56. Kf1 Rb1+ 57. Kf2 Nc8 58. Rc3 Ne7 59. Rd3 1/2-1/2

[Event "PRO League Group Stage"]
[Site "chess.com INT"]
[Date "2018.02.24"]
[Round "7"]
[White "Sadorra, Julio Catalino"]
[Black "Bacrot, Alexandre"]
[Result "1-0"]
[WhiteTitle "GM"]
[WhiteElo "2539"]
[BlackElo "2192"]
[WhiteTeam "Dallas Destiny"]
[BlackTeam "Marseille Migraines"]
[WhiteFideId "5201268"]
[BlackFideId "26076837"]
[EventDate "2018.01.18"]

1. d4 Nf6 2. c4 e6 3. Nc3 Bb4 4. g3 d5 5. Bg2 O-O 6. Nf3 c6 7. O-O dxc4 8. Ne5
Bxc3 9. bxc3 Nd5 10. Ba3 Re8 11. e4 Nxc3 12. Qf3 f6 13. Qxc3 fxe5 14. dxe5 b5
15. Rad1 Qb6 16. Bd6 Nd7 17. Kh1 Nc5 18. f4 Nd3 19. Rxd3 cxd3 20. f5 b4 21. Qd2
Ba6 22. f6 Rf8 23. Rc1 Qd4 24. Bf3 Rxf6 25. exf6 Qxd6 26. Qg5 g6 27. e5 Qf8 28.
Qg4 Qf7 29. Rxc6 Bb7 30. Rd6 h5 31. Qf4 d2 32. Rxd2 Rc8 33. Kg2 Rc3 34. Bxb7
Qxb7+ 35. Kh3 Qf7 36. Qh6 Rc8 37. Kh4 Rc4+ 38. Kh3 Rc8 39. Rd4 a5 40. Kh4 Qh7
41. Qxh7+ Kxh7 42. Kg5 Rc7 43. Rd6 a4 44. Rxe6 Rb7 45. Re7+ Rxe7 46. fxe7 b3 47.
e8=Q bxa2 48. Qf7+ Kh8 49. Kxg6 1-0

[Event "PRO League Group Stage"]
[Site "chess.com INT"]
[Date "2018.02.24"]
[Round "7"]
[White "Sadorra, Julio Catalino"]
[Black "Lalith, Babu M R"]
[Result "0-1"]
[WhiteTitle "GM"]
[BlackTitle "GM"]
[WhiteElo "2539"]
[BlackElo "2542"]
[WhiteTeam "Dallas Destiny"]
[BlackTeam "Delhi Dynamite"]
[WhiteFideId "5201268"]
[BlackFideId "5024595"]
[EventDate "2018.01.18"]

1. d4 Nf6 2. c4 e6 3. Nc3 Bb4 4. e3 O-O 5. Ne2 d5 6. a3 Bd6 7. Ng3 c5 8. dxc5
Bxc5 9. b4 Be7 10. cxd5 exd5 11. Bd3 a5 12. b5 Nbd7 13. Bb2 Nc5 14. O-O Bg4 15.
Nce2 Re8 16. Bf5 Bxf5 17. Nxf5 Bf8 18. Nf4 Nce4 19. f3 Nc5 20. Rc1 Rc8 21. Qd4
Ne6 22. Nh6+ gxh6 23. Rxc8 Qxc8 24. Nxe6 Rxe6 25. Rc1 Qd8 26. Qa7 Qb6 27. Qxb6
Rxb6 28. Bd4 Re6 29. Rc7 b6 30. Rc6 Nd7 31. a4 Nc5 32. f4 Rxc6 33. bxc6 Bd6 34.
Bf6 Bc7 35. g4 Kf8 36. h4 Nxa4 37. h5 Nc5 0-1

[Event "PRO League Group Stage"]
[Site "chess.com INT"]
[Date "2018.02.24"]
[Round "7"]
[White "Sadorra, Julio Catalino"]
[Black "Gorozhanin, Mikhail"]
[Result "1-0"]
[WhiteTitle "GM"]
[BlackTitle "FM"]
[WhiteElo "2539"]
[BlackElo "2435"]
[WhiteTeam "Dallas Destiny"]
[BlackTeam "Volga Stormbringers"]
[WhiteFideId "5201268"]
[BlackFideId "4178262"]
[EventDate "2018.01.18"]

1. d4 d5 2. c4 e6 3. Nc3 c6 4. Nf3 dxc4 5. e3 b5 6. a4 Bb4 7. Bd2 a5 8. axb5
Bxc3 9. Bxc3 cxb5 10. b3 Bb7 11. d5 Nf6 12. bxc4 b4 13. Bxf6 Qxf6 14. Qa4+ Nd7
15. Nd4 e5 16. Nb3 Qd6 17. c5 Qxd5 18. Rd1 Bc6 19. Bb5 Bxb5 20. Qxb5 Qe6 21. Rd6
Qxb3 22. Qxd7+ Kf8 23. O-O g6 24. c6 Kg7 25. c7 Rhe8 26. Rc1 a4 27. h4 a3 28.
c8=Q Rexc8 29. Rxc8 Rxc8 30. Qxc8 a2 31. Rd8 a1=Q+ 32. Kh2 e4 33. Rg8+ Kh6 34.
g4 Qe5+ 35. Kh3 Qe7 36. g5+ Qxg5 37. hxg5+ Kxg5 38. Qg4+ Kf6 39. Qf4+ Ke6 40.
Qxe4+ Kf6 41. Qd4+ Kf5 42. Re8 g5 43. Qe5+ Kg6 44. Rg8+ Kh5 45. Qxg5# 1-0

[Event "PRO League Group Stage"]
[Site "chess.com INT"]
[Date "2018.02.24"]
[Round "7"]
[White "Sadorra, Julio Catalino"]
[Black "Olafsson, Helgi"]
[Result "1/2-1/2"]
[WhiteTitle "GM"]
[BlackTitle "GM"]
[WhiteElo "2539"]
[BlackElo "2508"]
[WhiteTeam "Dallas Destiny"]
[BlackTeam "Reykjavik Puffins"]
[WhiteFideId "5201268"]
[BlackFideId "2300010"]
[EventDate "2018.01.18"]

1. d4 Nf6 2. Nc3 d5 3. Bf4 c6 4. e3 Bf5 5. f3 e6 6. g4 Bg6 7. h4 h5 8. g5 Ng8 9.
Qd2 Bb4 10. a3 Ba5 11. Nh3 Nd7 12. Qh2 Rc8 13. b4 Bc7 14. Bxc7 Rxc7 15. Nf4 Ne7
16. Bd3 Bxd3 17. Nxd3 Nf5 18. Qf2 Nb6 19. Ne5 Nd7 20. e4 Nd6 21. O-O O-O 22. Nd3
Nc4 23. f4 Nd6 24. Rae1 dxe4 25. Nxe4 Nf5 26. Qf3 g6 27. c3 Kg7 28. Qf2 Nb6 29.
Re2 Nd5 30. Rfe1 b6 31. Ne5 Re8 32. c4 Nde7 33. Rd2 Ng8 34. Red1 Nd6 35. Nc3 Ne7
36. Rd3 Qc8 37. Ne2 Nef5 38. Kh2 b5 39. c5 Nb7 40. Nc3 a5 41. Ne4 Rd8 42. Nf6
Ne7 43. Rg1 Nd5 44. Rdg3 Ne7 45. Rd3 Nd5 46. Ne4 axb4 47. axb4 Nxb4 48. Rdg3 Nd5
49. Qf3 Ne7 50. Nf6 Rh8 51. R3g2 Nf5 52. Rd2 Na5 53. Qf2 Nc4 54. Nxc4 bxc4 55.
Qe1 Rb7 56. Qe5 Qb8 57. Ne8+ Kg8 58. Nf6+ Kg7 59. Ne8+ Kg8 60. Nf6+ Kg7 61. Ne8+ 1/2-1/2

[Event "PRO League Group Stage"]
[Site "chess.com INT"]
[Date "2018.02.24"]
[Round "7"]
[White "Ter-Sahakyan, Samvel"]
[Black "Li, Chao b"]
[Result "1/2-1/2"]
[WhiteTitle "GM"]
[BlackTitle "GM"]
[WhiteElo "2563"]
[BlackElo "2732"]
[WhiteTeam "Armenia Eagles"]
[BlackTeam "Chengdu Pandas"]
[WhiteFideId "13302531"]
[BlackFideId "8604436"]
[EventDate "2018.01.18"]

1. e4 c5 2. Nf3 Nc6 3. Bb5 g6 4. O-O Bg7 5. Nc3 e5 6. d3 Nge7 7. a3 O-O 8. Bc4
d6 9. b4 cxb4 10. axb4 Nxb4 11. Ba3 Nec6 12. Rb1 a5 13. Nb5 Na7 14. Nxa7 Rxa7
15. Bxb4 axb4 16. Rxb4 Bd7 17. Qb1 Bc6 18. Qb3 Qe7 19. Bd5 Rfa8 20. g3 Bf6 21.
Rb1 Qd7 22. Kg2 Bd8 23. Qc4 Kg7 24. h4 h5 25. Bxc6 bxc6 26. Rb8 Rxb8 27. Rxb8
Bc7 28. Rb1 d5 29. Qc3 Qe6 30. Ra1 Rxa1 31. Qxa1 dxe4 32. dxe4 Qd6 33. Qa7 Kf6
34. Ng5 Kg7 35. Qa2 Qd7 36. Qa7 Qe7 37. Qb7 Qd6 38. Qc8 Bd8 39. Nf3 Bf6 40. g4
hxg4 41. Qxg4 Qc5 42. h5 Qxc2 43. hxg6 fxg6 44. Qd7+ Kf8 45. Qe6 Kg7 46. Qd7+
Kf8 47. Qe6 Kg7 48. Qd7+ Kf8 49. Qe6 1/2-1/2

[Event "PRO League Group Stage"]
[Site "chess.com INT"]
[Date "2018.02.24"]
[Round "7"]
[White "Ter-Sahakyan, Samvel"]
[Black "Akobian, Varuzhan"]
[Result "1/2-1/2"]
[WhiteTitle "GM"]
[BlackTitle "GM"]
[WhiteElo "2563"]
[BlackElo "2647"]
[WhiteTeam "Armenia Eagles"]
[BlackTeam "Saint Louis Arch Bishops"]
[WhiteFideId "13302531"]
[BlackFideId "13300580"]
[EventDate "2018.01.18"]

1. e4 e6 2. d4 d5 3. Nc3 Nf6 4. e5 Nfd7 5. f4 c5 6. Nf3 Nc6 7. Be3 a6 8. Qd2 b5
9. dxc5 Bxc5 10. Bd3 Qb6 11. Bf2 Bxf2+ 12. Qxf2 Qxf2+ 13. Kxf2 Nb6 14. a4 b4 15.
Ne2 a5 16. Bb5 Bd7 17. Ned4 Nxd4 18. Nxd4 Ke7 19. b3 h5 20. Bd3 g6 21. g3 Nc8
22. Ke3 Na7 23. h4 Rac8 24. Rag1 Nc6 25. Nf3 Kf8 26. g4 Ne7 27. gxh5 Rxh5 28.
Rg5 Rh6 29. Rh2 Kg7 30. Kd2 Rch8 31. Rg4 Nc6 32. Ke3 Kf8 33. Kf2 Ne7 34. Kg3 Kg7
35. Rg5 Kf8 36. Rh3 Kg7 37. Rh1 Kf8 38. Rh2 Kg7 39. Rh3 Kf8 40. Nh2 Nf5+ 41.
Bxf5 gxf5 42. Nf3 Ke7 43. Nd4 Rc8 44. Kf2 Rch8 45. Kg3 Rc8 46. Kg2 Rch8 47. h5
R8h7 48. Kf2 Rh8 49. Ke3 R6h7 50. Kd2 Be8 51. Ke1 Bd7 52. Kf2 Be8 53. Kg1 Bd7
54. Kf2 Be8 55. Ke1 Bd7 56. Kd2 Be8 57. Kd3 Bd7 58. Kd2 Rh6 59. Ke3 Be8 60. Kf2
Bd7 61. Kg3 Be8 62. Kf2 Bd7 63. Ke3 R6h7 64. Kd3 Rc8 65. Kd2 Rch8 66. c3 bxc3+
67. Kxc3 Rc8+ 68. Kb2 Rch8 69. Ka3 Rh6 70. Kb2 R6h7 71. Ka3 Rh6 72. b4 axb4+ 73.
Kxb4 Rb8+ 74. Nb5 Rb7 75. Kc5 Bxb5 76. axb5 Rh8 77. h6 Rc8+ 78. Kb4 Rcb8 79.
Rgg3 Rxb5+ 80. Kc3 Rb3+ 81. Kd2 Rxg3 82. Rxg3 Rb2+ 83. Kc3 Rh2 84. Kd4 Rxh6 85.
Ra3 Rh1 86. Ra7+ Kf8 87. Kc5 Rf1 88. Ra4 Re1 89. Kd6 Re4 90. Ra8+ Kg7 91. Ke7
Rxf4 92. Rf8 Re4 93. Rxf7+ Kg6 94. Rf6+ Kg5 95. Kxe6 f4 96. Kxd5 Re1 97. Rf8 Kg4
98. e6 f3 99. Kd6 Kg3 100. e7 f2 101. Kd7 Rxe7+ 102. Kxe7 Kg2 103. Rxf2+ Kxf2 1/2-1/2

[Event "PRO League Group Stage"]
[Site "chess.com INT"]
[Date "2018.02.24"]
[Round "7"]
[White "Ter-Sahakyan, Samvel"]
[Black "Sadorra, Julio Catalino"]
[Result "1-0"]
[WhiteTitle "GM"]
[BlackTitle "GM"]
[WhiteElo "2563"]
[BlackElo "2539"]
[WhiteTeam "Armenia Eagles"]
[BlackTeam "Dallas Destiny"]
[WhiteFideId "13302531"]
[BlackFideId "5201268"]
[EventDate "2018.01.18"]

1. e4 e6 2. d4 d5 3. Nc3 Nf6 4. e5 Nfd7 5. f4 c5 6. Nf3 Nc6 7. Be3 a6 8. Qd2 b5
9. dxc5 Bxc5 10. Bd3 Qb6 11. Bf2 h6 12. O-O Bb7 13. Rae1 Bxf2+ 14. Rxf2 Nc5 15.
a3 b4 16. axb4 Qxb4 17. h3 Rc8 18. f5 O-O 19. f6 Qxb2 20. fxg7 Kxg7 21. Rb1 Qa3
22. Qf4 f5 23. exf6+ Rxf6 24. Qg3+ Kh8 25. Ne5 Rxf2 26. Ng6+ Kg7 27. Ne5+ Kf6
28. Qxf2+ Kxe5 29. Qg3+ Kf6 30. Rf1+ Ke7 31. Bg6 Nd3 32. Rf7+ Kd8 33. cxd3 Ne7
34. Ne2 Rc2 35. Rf8+ Kd7 36. Be8+ Kd8 37. Bc6# 1-0